000 00382 a2200169 4500
001 182710
020 _a85-04-00778-2
040 _cMagnum
100 _aQueirós, Eça de
240 1 0 _aO primo Basílio
_lpor
245 1 0 _aO primo Basílio
300 _a344
362 0 _a2004
440 1 _aCompanhia Editora Nacional
697 _aLITERATURA GERAL ESTRANGEIRA
942 _cBK
999 _c182710
_d182710